Hino Atlético Goianiense - Statistics

Estatísticas Gerais
  • Esse quiz foi jogado 13 vezes
  • A pontuação média é 40 de 68
Estatísticas das Respostas
Ordem Resposta % Correto
6 A
100%
9 A
100%
18 A
100%
47 A
100%
51 E
100%
55 E
100%
2 Atlético
89%
16 Atlético
89%
68 Atlético
89%
34 O
89%
63 O
89%
67 O
89%
48 Bola
67%
41 Da
67%
12 De
67%
20 De
67%
37 De
67%
29 Eu
67%
58 Gol
67%
44 Nosso
67%
8 Tem
67%
17 Tem
67%
13 Um
67%
53 Um
67%
57 Um
67%
43 Ver
67%
14 Dragão
56%
59 Le
56%
60 Le
56%
61 Le
56%
62 Le
56%
64 Le
56%
65 Le
56%
66 Le
56%
56 Mais
56%
28 Negro
56%
27 Rubro
56%
30 Sempre
56%
38 Vencer
56%
39 Vencer
56%
40 Vencer
56%
22 Alegria
44%
50 Chão
44%
25 Coração
44%
21 Dar
44%
36 Desejo
44%
45 Esquadrão
44%
10 Força
44%
42 Gosto
44%
19 Mania
44%
1 Meu
44%
3 Meu
44%
15 Meu
44%
24 Meu
44%
26 Meu
44%
35 Meu
44%
7 Parte
44%
49 Pelo
44%
23 Pro
44%
11 Quente
44%
46 Rolando
44%
31 Vejo
44%
32 Você
44%
33 Cumprindo
33%
52 Dando
33%
5 Modéstia
33%
54 Show
33%
4 Estandarte
22%
Nenhum quiz correspondente encontrado
Distribuição das Pontuações
Porcentagem de Pessoas com Cada Pontuação
Percentil de Números Respondidos
Sua Pontuação Histórica
Você não jogou esse quiz